Дело о службе, состоявшего при санкт-петербургских театрах, умершего музыканта, пенсионера, иностранца Ханике

Доступно только в Электронных читальных залах Найти на картеНа карте
RUSMARC
00003640nmc2a22000003x 450
001e30f93e4-7e5e-4c28-a72b-badd4d2fef7e
00520181128201158.0
100##$a20170112l18251862k l0rusy0189 ca
1010#$arus
102##$aRU
2001#$aДело о службе, состоявшего при санкт-петербургских театрах, умершего музыканта, пенсионера, иностранца Ханике
$j18 августа 1825 г. - 1 августа 1862 г.
251##$cДело
300##$aДело
801#0$aRU
$bРГИА
$c20170112
$gRCR
801#1$aRU
$bГлавНИВЦ
$c20170112
$2rusmarc
801#2$aRU
$bПБ им. Б.Н. Ельцина
$c20181128
$gRCR
$2rusmarc
850##$aРГИА
852##$aРГИА
$eФедеральное казенное учреждение "Российский государственный исторический архив" (РГИА)
$j2789
937##$hРГИА
$d12238554
$aASBIBLIO_SCAN
462#0$1001dd3991dc-24e1-42ec-8838-ca4255420416
$12001
$a1746-1850 гг.
$1251
$cОпись
$1852
$j1
461#0$10019264ebf8-de62-4f1a-9eb4-9f22098dbbd5
$12001
$aДирекция императорских театров МИДв
$1251
$cФонд
$1852
$j497
215##$a41 л.
$d36,5х26 см
371##$aДокумент не является опубликованным и широко распространяемым
105##$ay###
1222#$ad
035##$ae30f93e4-7e5e-4c28-a72b-badd4d2fef7e
856##$uhttp://readingroom.main.prlib.ru/item.aspx?id_node=n121101631&mode=full
Формат отображения